| 000 | 013500000a22003250004500 | ||
|---|---|---|---|
| 003 | EG-GICUC | ||
| 005 | 20250223033000.0 | ||
| 008 | 070417s2001 ua h f m 000 0 eng d | ||
| 040 |
_aEG-GICUC _beng _cEG-GICUC |
||
| 041 | 0 | _aEng | |
| 049 | _aDeposite | ||
| 097 | _aM.Sc | ||
| 099 | _aCai01.12.15.M.Sc.2001.Fa.S | ||
| 100 | 0 | _aFatma Elzahraa Saad Ismail | |
| 245 | 1 | 0 |
_aSedimentology and diagenesis of the cenozoic oolitic ironstone of Elbahariya region , Western desert , Egypt / _cFatma Elzahraa Saad Ismail ; Supervised M.M.Elaref , A.A.Helba |
| 246 | 1 | 5 | _aالخصائص الترسيبية وعمليات ما بعد الترسيب لرواسب الحجر الحديدى البطروخى السينوزوى بمنطقة الواحات البحرية الصحراء الغربية مصر |
| 260 |
_aCairo : _bFatma Elzahraa Saad Ismail , _c2001 |
||
| 300 |
_a153P : _bfacsimiles ; _c30cm |
||
| 502 | _aThesis (M.Sc.) - Cairo University - Faculty Of Science - Department Of Geology | ||
| 530 | _aIssued also as CD | ||
| 653 | 4 | _aCenozoic oolitic ironstone | |
| 653 | 4 | _aElbahariya region | |
| 653 | 4 | _aSedimentology | |
| 700 | 0 |
_aA.A.Helba , _eSupervisor |
|
| 700 | 0 |
_aM.M.Elaref , _eSupervisor |
|
| 856 | _uhttp://172.23.153.220/th.pdf | ||
| 905 |
_aMustafa _eRevisor |
||
| 905 |
_aSamia _eCataloger |
||
| 942 |
_2ddc _cTH |
||
| 999 |
_c85557 _d85557 |
||